[Event "Staatsliga B 1997/98"]
[Site "masterchessopen.com - Austria"]
[Round "2"]
[White "Dornauer Joachim (AUT)"]
[Black "Tummeltshammer Gernot (AUT)"]
[Result "1-0"]
[WhiteElo "2138"]
[BlackElo "2075"]

1.d4 f5 2.Nf3 Nf6 3.c4 g6 4.g3 Bg7 5.Bg2 d6 6.O-O O-O 7.Nc3 Qe8 8.b3 c6 9.Qd3
Na6 10.Ba3 Rb8 11.e4 fxe4 12.Nxe4 Bf5 13.Nxf6+ Bxf6 14.Qe3 b5 15.cxb5 cxb5
16.Ng5 b4 17.Bb2 Nc5 18.Rad1 Bxg5 19.Qxg5 Nd3 20.Ba1 Rc8 21.g4 Rc2 22.gxf5
Rxf5 23.Qe3 Qf7 24.Rxd3 {#r} 1-0

[Event "Bayern Landesliga South 1996/97"]
[Site "masterchessopen.com - Germany"]
[Round "0"]
[White "Waffenschmidt Joachim (GER)"]
[Black "Riedel Holger Dr (GER)"]
[Result "0-1"]
[WhiteElo "2031"]
[BlackElo "2164"]

1.d4 f5 2.c4 Nf6 3.g3 g6 4.Bg2 Bg7 5.Nf3 O-O 6.O-O d6 7.Nc3 Qe8 8.e4 fxe4
9.Ng5 Nc6 10.d5 Ne5 11.Qe2 Bg4 12.Qc2 Nf3+ 13.Bxf3 exf3 14.h3 Bf5 15.Qb3 Qd7
16.Nxf3 Bxh3 17.Re1 Ng4 18.Bf4 h6 19.Ne4 g5 20.Bd2 Qf5 21.Bxg5 Qxf3 22.Qxf3
Rxf3 23.Bxe7 Re8 24.Bh4 Bd4 25.Rad1 Rxf2 {#R} 0-1

[Event "It (open)"]
[Site "masterchessopen.com - St. Ingbert (Germany)"]
[Round "7"]
[White "Schwarz Arnd-Ruediger (GER)"]
[Black "Simons Joerg (GER)"]
[Result "1-0"]
[WhiteElo "2141"]
[BlackElo "2026"]

1.Nf3 g6 2.d4 Bg7 3.c4 f5 4.g3 Nf6 5.Bg2 O-O 6.O-O d6 7.Nc3 Qe8 8.b3 c6 9.Ba3
Na6 10.Qd3 Nc7 11.e4 fxe4 12.Nxe4 Nxe4 13.Qxe4 Bf5 14.Qe3 Qf7 15.Rad1 Bg4
16.Ng5 Qf6 17.Rd2 Bh6 18.f4 Rfe8 19.d5 e5 20.Ne4 Qd8 21.dxc6 exf4 22.gxf4 d5
23.cxb7 Rb8 24.cxd5 Nxd5 25.Rxd5 Qh4 26.Bb2 {#r} 1-0

[Event "Ch Provinciale CO"]
[Site "masterchessopen.com - Como (Italy)"]
[Round "7"]
[White "Bevilacqua Roberto (ITA)"]
[Black "Buonocore Elio (ITA)"]
[Result "1-0"]
[WhiteElo "2193"]
[BlackElo "2189"]

1.d4 f5 2.g3 Nf6 3.Bg2 g6 4.c4 Bg7 5.Nf3 d6 6.O-O O-O 7.Nc3 Qe8 8.d5 a5 9.Nd4
Na6 10.Rb1 Bd7 11.b3 Nc5 12.e3 c6 13.Ba3 Nfe4 14.Nce2 g5 15.Bb2 e5 16.dxe6
Nxe6 17.Nxf5 Bxb2 18.Rxb2 Nf4 19.Nh6+ Kg7 20.exf4 Kxh6 21.Bxe4 Qxe4 22.Qxd6+
{#r} 1-0

[Event "It (open) \"]
[Site "masterchessopen.com - Copenhagen (Denmark)"]
[Round "4"]
[White "Bjarnehag Peter (SWE)"]
[Black "Rosen Peter (SWE)"]
[Result "1-0"]
[WhiteElo "2260"]
[BlackElo "2061"]

1.c4 f5 2.d4 g6 3.Nf3 Nf6 4.g3 Bg7 5.Bg2 O-O 6.O-O d6 7.d5 a5 8.Nc3 Nbd7 9.Nd4
Nc5 10.b3 Nfe4 11.Nxe4 fxe4 12.Be3 e6 13.dxe6 Qf6 14.Qc2 Qe5 15.Rad1 Rf6
16.Nb5 Nxe6 17.Rd5 {#r} 1-0

[Event "Bayern Regionalliga Southeast"]
[Site "masterchessopen.com - Germany"]
[Round "6"]
[White "Mayer Josef (CZE)"]
[Black "Braun Christoph (GER)"]
[Result "1-0"]
[WhiteElo "2102"]
[BlackElo "2143"]

1.g3 f5 2.c4 Nf6 3.Bg2 g6 4.Nf3 Bg7 5.d4 O-O 6.Nc3 d6 7.O-O Qe8 8.Re1 Qf7 9.b3
Ne4 10.Qc2 Nxc3 11.Qxc3 Nc6 12.Bb2 h6 13.Qd2 e5 14.dxe5 dxe5 15.e3 Be6 16.Red1
g5 17.Ne1 Rad8 18.Qe2 e4 19.f3 Rxd1 20.Rxd1 {#r} 1-0

[Event "Ch SJRH (juniors) (under 15)"]
[Site "masterchessopen.com - Pfeddersheim (Germany)"]
[Round "0"]
[White "Luig Benjamin"]
[Black "Sieber Patrick (GER)"]
[Result "0-1"]
[WhiteElo "1473"]
[BlackElo "2209"]

1.d4 f5 2.c4 Nf6 3.g3 g6 4.Bg2 Bg7 5.Nf3 O-O 6.b3 d6 7.O-O Qe8 8.Bb2 Nbd7
9.Qc2 e5 10.dxe5 dxe5 11.Nfd2 e4 12.Bd4 c5 13.Bb2 e3 14.Nf3 exf2+ 15.Rxf2 Ng4
16.Qd2 Bxb2 17.Qxb2 Qe3 {#R} 0-1

[Event "It (open)"]
[Site "masterchessopen.com - Taula (Spain)"]
[Round "2"]
[White "Einarsson Bergsteinn (ISL)"]
[Black "Balague Lainez Xavier (ESP)"]
[Result "1-0"]
[WhiteElo "2210"]
[BlackElo "2062"]

1.d4 f5 2.c4 Nf6 3.Nf3 g6 4.g3 Bg7 5.Bg2 d6 6.O-O O-O 7.Qc2 Nc6 8.Rd1 Qe8
9.Nc3 e5 10.dxe5 dxe5 11.Nd5 Nxd5 12.cxd5 Nd4 13.Nxd4 exd4 14.Bf4 Be5 15.Bxe5
Qxe5 16.Qc4 Re8 17.Bf3 g5 18.Bh5 Re7 19.Rxd4 g4 20.d6+ Be6 21.dxe7 Bxc4
22.Rd8+ Kg7 23.e8=Q Qxe8 24.Rxe8 Rxe8 25.Bxe8 c6 26.Bd7 {#r} 1-0

[Event "Tournament"]
[Site "masterchessopen.com - Budapest (Hungary)"]
[Round "7"]
[White "Nemeth Maria (HUN)"]
[Black "Ritter Gabor (HUN)"]
[Result "1-0"]
[WhiteElo "2096"]
[BlackElo "2193"]

1.d4 f5 2.c4 Nf6 3.Nf3 g6 4.g3 Bg7 5.Bg2 O-O 6.O-O d6 7.Nc3 Qe8 8.d5 Na6 9.Rb1
Bd7 10.b4 c6 11.dxc6 bxc6 12.a3 Qf7 13.Qd3 Nc7 14.Ng5 Qe8 15.b5 Rc8 16.Be3 Ng4
17.bxc6 Bxc6 18.Nb5 Bxg2 19.Kxg2 Ne5 20.Nxc7 Rxc7 21.Qd5+ Kh8 22.Ne6 Rxc4
23.Nxf8 Qxf8 24.Bxa7 {#r} 1-0

[Event "It (open)"]
[Site "masterchessopen.com - Gelsenkirchen (Germany)"]
[Round "9"]
[White "Genkin Michael (GER)"]
[Black "Kopylov Mihail (UKR)"]
[Result "0-1"]
[WhiteElo "2266"]
[BlackElo "2431"]

1.d4 f5 2.Nf3 Nf6 3.g3 g6 4.Bg2 Bg7 5.c4 O-O 6.O-O d6 7.b3 Qe8 8.Bb2 h6 9.Nbd2
g5 10.d5 Na6 11.Qc2 Bd7 12.a3 f4 13.Nd4 Nc5 14.Rae1 Qh5 15.b4 fxg3 16.hxg3 Ng4
17.N4f3 Bxb2 18.Qxb2 Ne4 {#R} 0-1

[Event "Ch Hungary (team) 1999/00 (2 liga)"]
[Site "masterchessopen.com - Hungary"]
[Round "7"]
[White "Khechumyan Gagik (ARM)"]
[Black "Szendrei Csaba (HUN)"]
[Result "1-0"]
[WhiteElo "2255"]
[BlackElo "2231"]

1.c4 f5 2.d4 Nf6 3.Nf3 g6 4.g3 Bg7 5.Bg2 O-O 6.O-O d6 7.Nc3 Qe8 8.d5 Nbd7
9.Nb5 Qd8 10.Nbd4 Nc5 11.b4 e5 12.bxc5 exd4 13.cxd6 Qxd6 14.Bb2 Qb4 15.Qc1 Re8
16.Nxd4 Ne4 17.e3 Nd6 18.c5 Nc4 19.Bc3 Qxc5 20.Nb3 Qb5 21.Bxg7 Kxg7 22.Qc3+
Kg8 23.a4 Qa6 24.Nc5 {#r} 1-0

[Event "It (open)"]
[Site "masterchessopen.com - Salsomaggiore (Italy)"]
[Round "5"]
[White "Farago Ivan (HUN)"]
[Black "Pernigotti Carlo (ITA)"]
[Result "1-0"]
[WhiteElo "2486"]
[BlackElo "2199"]

1.d4 f5 2.g3 Nf6 3.Bg2 g6 4.c4 Bg7 5.Nf3 d6 6.O-O O-O 7.Nc3 Qe8 8.Re1 c6 9.b3
Na6 10.Ba3 h6 11.Qc2 Rb8 12.e4 b5 13.e5 b4 14.exf6 Bxf6 15.Bc1 bxc3 16.Bxh6 c5
17.Bxf8 Qxf8 18.Qxc3 Bb7 19.Rad1 Qg7 20.Qa5 cxd4 21.Nxd4 Bxd4 22.Bxb7 Rxb7
23.Qd5+ {#r} 1-0

[Event "It (cat.9)"]
[Site "masterchessopen.com - Tel Aviv (Israel)"]
[Round "8"]
[White "Botvinnik Mikhail (ISR)"]
[Black "Marin Mihail (ROM)"]
[Result "0-1"]
[WhiteElo "2271"]
[BlackElo "2557"]

1.Nf3 g6 2.d4 Bg7 3.c4 f5 4.g3 Nf6 5.Bg2 O-O 6.O-O d6 7.b3 e5 8.dxe5 dxe5
9.Bb2 e4 10.Ng5 Nc6 11.Nc3 Qe7 12.Nh3 Be6 13.Qc2 Nd4 14.Qc1 Rad8 15.f4 Rfe8
16.e3 Nf3+ 17.Bxf3 exf3 18.Rxf3 Bd7 19.Nd5 Nxd5 20.Bxg7 Nb4 21.Bc3 Nd3 22.Qd2
Bc6 {#R} 0-1

[Event "It (open)"]
[Site "masterchessopen.com - Castellaneta (Italy)"]
[Date "2000.08.29"]
[Round "1"]
[White "Lazarev Vladimir (FRA)"]
[Black "Ficco Corrado (ITA)"]
[Result "1-0"]
[WhiteElo "2478"]
[BlackElo "2144"]

1.d4 f5 2.c4 Nf6 3.g3 g6 4.Bg2 Bg7 5.Nf3 O-O 6.O-O d6 7.b3 c6 8.Bb2 Na6 9.Nbd2
e5 10.dxe5 Nd7 11.Nd4 Nxe5 12.a3 Nc7 13.Qc2 d5 14.cxd5 Nxd5 15.e4 fxe4 16.Nxe4
Bg4 17.Rfe1 Qd7 18.Nc5 Qf7 19.f4 Nxf4 20.gxf4 Qxf4 21.Nce6 Bxe6 22.Nxe6 {#r}
1-0

[Event "Ch World (juniors) (under 20) (g)"]
[Site "masterchessopen.com - Athens (Greece)"]
[Round "11"]
[White "Meenakshi S (IND)"]
[Black "Jurkiewicz Katarzyna (POL)"]
[Result "1-0"]
[WhiteElo "2271"]
[BlackElo "2187"]

1.d4 f5 2.c4 Nf6 3.Nf3 g6 4.g3 Bg7 5.Bg2 O-O 6.O-O d6 7.Nc3 e6 8.b4 Qe7 9.Qb3
Kh8 10.Bb2 e5 11.dxe5 dxe5 12.Nd5 Nxd5 13.cxd5 Nd7 14.Rac1 Nb6 15.b5 Rd8
16.Ba3 Qf6 17.Rxc7 Nxd5 18.Ng5 Nxc7 19.Nf7+ Kg8 20.Nxd8+ Be6 21.Nxe6 Qxe6
22.Qxe6+ Nxe6 23.Bxb7 Rb8 24.Bd5 Kf7 25.Rc1 {#r} 1-0

[Event "Staatsliga B South 2001/02"]
[Site "masterchessopen.com - Austria"]
[Round "6"]
[White "Egartner Wolfgang (AUT)"]
[Black "Riedner Martin (AUT)"]
[Result "0-1"]
[WhiteElo "2164"]
[BlackElo "2204"]

1.d4 f5 2.g3 Nf6 3.Bg2 g6 4.Nf3 Bg7 5.c4 d6 6.Nc3 O-O 7.O-O Qe8 8.d5 a5 9.Be3
Na6 10.Nd4 Bd7 11.Rc1 Nc5 12.b3 Rb8 13.a3 Ng4 14.b4 axb4 15.axb4 Nxe3 16.fxe3
Na6 17.Qb3 Bh6 18.Nc2 e5 19.dxe6 Bxe6 20.Nd5 c6 21.Nd4 Bxd5 22.cxd5 Qxe3+
23.Kh1 Qxb3 24.Nxb3 Bxc1 25.Rxc1 Nxb4 26.dxc6 bxc6 {#R} 0-1

[Event "It (open) \"]
[Site "masterchessopen.com - Barcelona (Spain)"]
[Round "2"]
[White "Garcia Guillermo (CUB)"]
[Black "Fernandez Eric (CUB)"]
[Result "1-0"]
[WhiteElo "2182"]
[BlackElo "2279"]

1.d4 f5 2.g3 g6 3.Bg2 Bg7 4.c4 Nf6 5.Nf3 O-O 6.O-O d6 7.Nc3 Qe8 8.d5 c6 9.Qb3
Na6 10.Be3 Nc7 11.Rfd1 Ng4 12.Bd4 Ne5 13.Nxe5 dxe5 14.Bc5 b6 15.d6 Ne6 16.dxe7
Rf7 17.Bxc6 Qxc6 18.Rd8+ Nxd8 19.exd8=Q+ {#r} 1-0

[Event "It (cat.3)"]
[Site "masterchessopen.com - Bucharest (Romania)"]
[Round "4"]
[White "Jianu Vlad-Cristian (ROM)"]
[Black "Vezdeutsan Viorel (MDA)"]
[Result "1-0"]
[WhiteElo "2397"]
[BlackElo "2270"]

1.d4 f5 2.c4 Nf6 3.Nf3 g6 4.g3 Bg7 5.Bg2 O-O 6.b4 Ne4 7.Bb2 g5 8.Nbd2 e6
9.Nxe4 fxe4 10.Nd2 d5 11.Qb3 Nc6 12.e3 Rf7 13.f3 exf3 14.Bxf3 g4 15.Bxg4 Qg5
16.Be2 dxc4 17.Nxc4 b5 18.Na3 Bb7 19.Rf1 Rxf1+ 20.Bxf1 Nxb4 21.Bxb5 Nd5 22.Nc2
c5 23.O-O-O Rc8 24.Bd7 Nb6 25.Qxe6+ {#r} 1-0

[Event "It (open)"]
[Site "masterchessopen.com - Calcutta (India)"]
[Round "1"]
[White "Meenakshi S (IND)"]
[Black "Dworakowska Joanna (POL)"]
[Result "1-0"]
[WhiteElo "2271"]
[BlackElo "2358"]

1.d4 f5 2.c4 Nf6 3.Nf3 g6 4.g3 Bg7 5.Bg2 O-O 6.O-O d6 7.Nbd2 Qe8 8.d5 Na6
9.Rb1 c5 10.Ne1 g5 11.Nd3 e5 12.dxe6 Nc7 13.b4 cxb4 14.Rxb4 Nxe6 15.Bxb7 Bxb7
16.Rxb7 f4 17.Bb2 Qh5 18.Nf3 Ng4 19.Bxg7 fxg3 20.Bxf8 Rxf8 21.Nde1 gxf2+
22.Rxf2 Nxf2 23.Kxf2 Qxh2+ 24.Ng2 Nf4 25.Nxh2 {#r} 1-0

[Event "Ch England (team) 2000/01"]
[Site "masterchessopen.com - England"]
[Round "5"]
[White "Twyble Michael (ENG)"]
[Black "Gayson Peter (ENG)"]
[Result "0-1"]
[WhiteElo "2220"]
[BlackElo "2281"]

1.d4 f5 2.Nf3 Nf6 3.g3 g6 4.Bg2 Bg7 5.c4 d6 6.O-O O-O 7.Nc3 Qe8 8.d5 Na6 9.Rb1
Nc5 10.b4 Nce4 11.Bb2 e5 12.dxe6 Bxe6 13.Nd2 Nxd2 14.Qxd2 Bxc4 15.Bxb7 Rb8
16.Bg2 Rxb4 17.Nd5 Nxd5 18.Bxd5+ Bxd5 19.Qxb4 Qxe2 20.Qa3 Rb8 21.Bxg7 Rxb1
22.Rxb1 Qe4 23.Rb8+ Kf7 24.f3 Qe1+ 25.Kg2 Qe2+ 26.Kh3 Bxf3 {#R} 0-1

[Event "Ch France (team) 2001"]
[Site "masterchessopen.com - France"]
[Round "4"]
[White "Adrian Claude (FRA)"]
[Black "Depyl Pascal (FRA)"]
[Result "0-1"]
[WhiteElo "2341"]
[BlackElo "2186"]

1.Nf3 g6 2.d4 Bg7 3.c4 f5 4.g3 Nf6 5.Bg2 O-O 6.b3 d6 7.Bb2 c6 8.O-O Na6 9.Nbd2
Kh8 10.Qc2 Bd7 11.Rfe1 d5 12.a3 Be6 13.b4 Ne4 14.b5 cxb5 15.cxb5 Nc7 16.a4 Ne8
17.Rac1 Rc8 18.Qb3 N8d6 19.Nxe4 Nxe4 20.Ne5 Qb6 21.Qb4 Bxe5 22.Rxc8 Rxc8
23.dxe5 Qxf2+ 24.Kh1 Rc4 {#R} 0-1

[Event "Memorial Pablo Gorbea (open)"]
[Site "masterchessopen.com - Madrid (Spain)"]
[Round "6"]
[White "Hellsten Johan (SWE)"]
[Black "Galvan Jesus (PER)"]
[Result "1-0"]
[WhiteElo "2471"]
[BlackElo "2187"]

1.d4 f5 2.c4 Nf6 3.Nf3 g6 4.g3 Bg7 5.Bg2 O-O 6.O-O d6 7.Nc3 Qe8 8.d5 Na6 9.Rb1
c5 10.dxc6 bxc6 11.b4 Bd7 12.a3 Nc7 13.Bb2 Ne6 14.e3 Nd8 15.c5 d5 16.b5 e6
17.a4 Ne4 18.Nxe4 fxe4 19.Ne5 Bxe5 20.Bxe5 cxb5 21.Ba1 Nf7 22.f4 Bc6 23.Qd4 e5
24.fxe5 Qe6 25.Bh3 {#r} 1-0

[Event "It (open)"]
[Site "masterchessopen.com - Nikea (Greece)"]
[Round "4"]
[White "Fournarakos Gerasimos (GRE)"]
[Black "Pimenidis Anastasios (GRE)"]
[Result "1-0"]
[WhiteElo "2041"]
[BlackElo "1808"]

1.d4 f5 2.g3 Nf6 3.Bg2 g6 4.Nf3 Bg7 5.c4 O-O 6.Nc3 d6 7.Bf4 Qe8 8.Qd2 Nh5
9.Bh6 e5 10.Bxg7 Kxg7 11.d5 a5 12.Ng5 Na6 13.Nb5 b6 14.Bf3 Nf6 15.h4 e4 16.Bg2
h6 17.Nh3 Bd7 18.Nd4 Ng4 19.O-O-O Nc5 20.Kb1 Ne5 21.Rc1 b5 22.cxb5 Bxb5
23.Rxc5 dxc5 24.Ne6+ Kh7 25.Qc3 Rf6 26.Qxe5 Qe7 {#r} 1-0

[Event "Ch Norway (open)"]
[Site "masterchessopen.com - Oslo (Norway)"]
[Round "1"]
[White "Guddahl Viggo (NOR)"]
[Black "Ukkelberg Oyvind (NOR)"]
[Result "1-0"]
[WhiteElo "2184"]
[BlackElo "1997"]

1.d4 g6 2.Nf3 Bg7 3.c4 f5 4.g3 Nf6 5.Bg2 d6 6.O-O O-O 7.Nc3 Qe8 8.Qc2 e5
9.dxe5 dxe5 10.e4 f4 11.Nd5 Na6 12.b3 c6 13.Nxf6+ Bxf6 14.Ba3 c5 15.gxf4 Bg7
16.Nxe5 Rxf4 17.Nd3 Rxe4 18.Rae1 Rxe1 19.Rxe1 Qf8 20.Qe2 Rb8 21.Bd5+ Kh8
22.Qe7 Qxe7 23.Rxe7 Bf8 {#r} 1-0

[Event "It (cat.7)"]
[Site "masterchessopen.com - Paks (Hungary)"]
[Round "2"]
[White "Kustar Sandor (HUN)"]
[Black "Markus Robert (SRB)"]
[Result "0-1"]
[WhiteElo "2425"]
[BlackElo "2450"]

1.Nf3 f5 2.g3 Nf6 3.Bg2 g6 4.d4 Bg7 5.c4 d6 6.Nc3 O-O 7.O-O Qe8 8.Nd5 Nxd5
9.cxd5 Qb5 10.Ng5 c6 11.e4 fxe4 12.Bxe4 cxd5 13.Bd3 Qd7 14.Nxh7 Kxh7 15.Qh5+
Kg8 16.Bxg6 Qh3 17.Qxd5+ Be6 18.Qxb7 Nd7 19.Bg5 Rab8 20.Qe4 Rb5 21.Qh4 Qxh4
22.Bxh4 Rxb2 {#R} 0-1

[Event "It (open)"]
[Site "masterchessopen.com - Polanica Zdroj (Poland)"]
[Round "8"]
[White "Tihonov Jurij (BLR)"]
[Black "Jakubiec Artur (POL)"]
[Result "0-1"]
[WhiteElo "2400"]
[BlackElo "2498"]

1.d4 f5 2.g3 Nf6 3.Bg2 g6 4.Nf3 Bg7 5.c4 O-O 6.Nc3 d6 7.d5 c5 8.O-O Na6 9.Nh4
Nc7 10.Bg5 Qe8 11.Qd3 Ng4 12.e4 h6 13.Be3 Ne5 14.Qe2 fxe4 15.Bxe4 g5 16.Ng2
Bd7 17.a4 a6 18.h4 Ng4 19.Qc2 e6 20.Rae1 Be5 {#R} 0-1

[Event "It (open)"]
[Site "masterchessopen.com - Porto San Giorgio (Italy)"]
[Round "1"]
[White "Todorov Ognjan (BUL)"]
[Black "Ragonese Rosario L (ITA)"]
[Result "1-0"]
[WhiteElo "2381"]
[BlackElo "2073"]

1.d4 f5 2.g3 Nf6 3.Bg2 g6 4.c4 Bg7 5.Nf3 O-O 6.b4 c6 7.Bb2 Qc7 8.O-O f4 9.Nbd2
fxg3 10.hxg3 Ng4 11.Qb3 d6 12.d5 e5 13.dxe6 Qe7 14.Bxg7 Kxg7 15.Ne4 Bxe6
16.Qc3+ Kg8 17.Rad1 d5 18.Neg5 dxc4 19.Nxe6 Qxe6 20.Ng5 Qf5 21.Qxc4+ Kh8
22.Ne6 Ne5 23.Qb3 Rc8 24.f4 Ned7 25.Rd6 Nf6 26.Nd4 {#r} 1-0

[Event "Ch Euskadi"]
[Site "masterchessopen.com - Subijana de Alava (Spain)"]
[Round "2"]
[White "Gomez Esteban Juan Mario (ESP)"]
[Black "Rada Equiza Miguel (ESP)"]
[Result "1-0"]
[WhiteElo "2499"]
[BlackElo "2224"]

1.d4 f5 2.g3 g6 3.Bg2 Nf6 4.Nf3 Bg7 5.c4 O-O 6.b3 d6 7.Bb2 c5 8.O-O Ne4 9.Qc2
Nc6 10.dxc5 Bxb2 11.Qxb2 dxc5 12.Nc3 Nxc3 13.Qxc3 Qc7 14.Qe3 b6 15.Ne5 Bb7
16.Nxc6 {#r} 1-0

[Event "Ch France (team) (2) 2002/03"]
[Site "masterchessopen.com - France"]
[Round "2"]
[White "Kallai Gabor (HUN)"]
[Black "Staeger Pascal (FRA)"]
[Result "1-0"]
[WhiteElo "2501"]
[BlackElo "2101"]

1.d4 f5 2.g3 g6 3.Bg2 Bg7 4.Nf3 Nf6 5.c4 O-O 6.Nc3 d6 7.O-O Qe8 8.d5 e5 9.dxe6
Bxe6 10.Nd4 Bc8 11.Qb3 Nc6 12.c5+ Kh8 13.Ndb5 Qe7 14.cxd6 cxd6 15.Bf4 Ne5
16.Rad1 Rd8 17.Qa3 Bf8 18.Bg5 Nc4 19.Qb4 Be6 20.Nd4 Rd7 21.Nxe6 {#r} 1-0

[Event "Bundesliga (2nd) South 2001/02"]
[Site "masterchessopen.com - Germany"]
[Round "5"]
[White "Delemarre Jop (NED)"]
[Black "Renner Christoph (GER)"]
[Result "1-0"]
[WhiteElo "2418"]
[BlackElo "2418"]

1.d4 f5 2.Nf3 Nf6 3.g3 g6 4.c4 Bg7 5.Bg2 O-O 6.b4 d6 7.Bb2 e5 8.dxe5 Ng4 9.c5
dxc5 10.Qb3+ Kh8 11.h3 Nh6 12.bxc5 c6 13.Nbd2 Nd7 14.Bd4 Qe7 15.O-O f4 16.gxf4
Rxf4 17.e3 Rf5 18.Nc4 Rxf3 19.Bxf3 Nxc5 20.Bxc5 Qxc5 21.Bg2 Nf5 22.Rad1 Be6
23.Qxb7 Rf8 24.Nd6 Nh4 25.Qe7 {#r} 1-0

[Event "Ch Poland (team) (juniors)"]
[Site "masterchessopen.com - Laczna (Poland)"]
[Round "3"]
[White "Szwarc Pawel (POL)"]
[Black "Kuziola Mateusz (POL)"]
[Result "1-0"]
[WhiteElo "2129"]
[BlackElo "2206"]

1.d4 f5 2.c4 Nf6 3.g3 g6 4.Bg2 Bg7 5.Nf3 O-O 6.O-O d6 7.Nc3 e6 8.Qc2 Nc6 9.Rd1
Qe7 10.e4 fxe4 11.Nxe4 Nxe4 12.Qxe4 e5 13.dxe5 dxe5 14.g4 Kh8 15.h3 Be6 16.Be3
a5 17.Rd2 a4 18.c5 Bg8 19.Rad1 Bxa2 20.Rd7 Qe6 21.Ng5 Qb3 22.h4 Nd4 23.R1xd4
exd4 24.Bxd4 Qd1+ 25.Kh2 Bxd4 26.Rxh7+ {#r} 1-0

[Event "It (cat.8)"]
[Site "masterchessopen.com - Novi Sad (Yugoslavia)"]
[Round "6"]
[White "Flumbort Andras (HUN)"]
[Black "Deglmann Ludwig (GER)"]
[Result "1-0"]
[WhiteElo "2443"]
[BlackElo "2264"]

1.d4 f5 2.g3 g6 3.Bg2 Bg7 4.Nf3 Nf6 5.c4 O-O 6.O-O d6 7.Nc3 Qe8 8.d5 Na6 9.Rb1
c6 10.dxc6 bxc6 11.b4 Bd7 12.b5 cxb5 13.cxb5 Nc5 14.a4 Rc8 15.Nd4 h6 16.Nc6
Nce4 17.Nxe4 fxe4 18.Nxa7 Ra8 19.Be3 g5 20.Bxe4 Ng4 21.Bxa8 Qh5 22.Qd5+ {#r}
1-0

[Event "Ch ASEAN (juniors) (under 12)"]
[Site "masterchessopen.com - Singapore"]
[Round "9"]
[White "Le Quang Liem (VIE)"]
[Black "Lee Wei Cheng (SIN)"]
[Result "1-0"]
[WhiteElo "2202"]
[BlackElo "2101"]

1.d4 f5 2.c4 Nf6 3.g3 g6 4.Bg2 Bg7 5.Nf3 O-O 6.O-O d6 7.Qc2 Qe8 8.d5 Na6 9.Nc3
c6 10.Be3 Bd7 11.Rac1 h6 12.h4 Qf7 13.Rfd1 cxd5 14.cxd5 b6 15.Nd4 Rac8 16.Nc6
Bxc6 17.dxc6 Ng4 18.Bd4 e5 19.Bd5 {#r} 1-0

[Event "Memorial Elekes (cat.3)"]
[Site "masterchessopen.com - Budapest (Hungary)"]
[Round "7"]
[White "Petran Pal (HUN)"]
[Black "Grafl Florian (GER)"]
[Result "1-0"]
[WhiteElo "2405"]
[BlackElo "2411"]

1.d4 f5 2.g3 Nf6 3.Bg2 g6 4.Nf3 Bg7 5.c4 O-O 6.Nc3 d6 7.O-O Qe8 8.b3 Na6 9.Ba3
c6 10.e3 Rb8 11.Rc1 Bd7 12.Ne1 b5 13.cxb5 cxb5 14.Bb2 e5 15.dxe5 dxe5 16.Nd5
Nxd5 17.Bxd5+ Kh8 18.Nd3 Qe7 19.Qd2 Rfd8 20.e4 b4 21.Rfe1 Be8 22.Nxe5 Nc7
23.Nxg6+ {#r} 1-0

[Event "It (open)"]
[Site "masterchessopen.com - Oberwart (Austria)"]
[Round "4"]
[White "Cebalo Miso (CRO)"]
[Black "Schroll Gerhard (AUT)"]
[Result "1-0"]
[WhiteElo "2520"]
[BlackElo "2364"]

{ Cebalo Miso (CRO) +0 =4 -0 Schroll Gerhard (AUT) +3 =1 -4 } 1.d4 { 1 }
1...f5 2.g3 Nf6 3.Bg2 g6 4.Nf3 Bg7 5.c4 O-O 6.Nc3 d6 7.O-O Qe8 8.b3 ( 8.d5 Na6
9.Nd4 Bd7 10.Rb1 c6 11.b3 Rb8 12.Bb2 Nc7 13.b4 e5 14.dxe6 Nxe6 15.e3 Qf7
16.Qb3 Nxd4 17.exd4 b5 18.cxb5 Be6 19.Qd1 Bc4 20.Bxc6 Bxf1 21.Qxf1 Kh8 22.Bc1
Ne4 23.Nxe4 fxe4 24.Be3 Qxa2 25.Ra1 Qf7 26.Bxe4 d5 27.Bg2 Rfc8 { ...1/2-1/2,
Cebalo Miso 2550 - Jacimovic Dragan, Pula 1985 It (open) } ) 8...Na6 9.Ba3 {
?/= } 9...c6 10.Rc1 ( 10.Qd3 Bd7 11.Rfe1 Rd8 12.Rad1 Kh8 13.e4 fxe4 14.Nxe4
Bf5 15.Nxf6 Bxf6 16.Qe3 Qf7 17.h3 Nc7 18.Re2 Bc8 19.Ng5 Qg8 20.Qd2 Ne6 21.Nxe6
Bxe6 22.Rde1 Bd7 23.Rxe7 Bxe7 24.Rxe7 Rf6 25.d5 Qf8 26.Re3 Kg8 27.Bb2 Rf5
28.Qd4 Re5 29.Rxe5 dxe5 { ...1-0, Karpov Anatoly 2725 - Malaniuk Vladimir P
2520 , Moscow 1988 Ch URS } ) 10...Rb8 { } 11.b4 { N } ( 11.d5 Bd7 12.Re1 (
12.b4 Nc7 13.Nd4 Kh8 14.e3 Rd8 15.Qe2 e5 16.dxe6 Nxe6 17.b5 Qe7 18.bxc6 Nxd4
19.exd4 Qxe2 20.Nxe2 Be6 21.d5 Bc8 22.Nf4 Rf7 23.Ne6 Rdd7 { 1-0, Arregui Jose
Luis 2305 - Caramia Javier 2065 , San Isidoro 1993 It (open) "VALLE" } )
12...cxd5 13.cxd5 Rc8 14.Nd4 Nc5 15.Qd2 Qf7 16.Bxc5 Rxc5 17.e4 fxe4 18.Nxe4
Rxd5 19.Ng5 Rxg5 20.Qxg5 Ng4 21.Qd5 e6 22.Nxe6 Qxf2+ 23.Kh1 Bc6 24.Nxf8+ Bxd5
25.Bxd5+ Kh8 26.Bg2 Ne3 27.Rg1 Bxf8 28.Rcf1 Nxf1 29.Rxf1 Qxa2 30.Rxf8+ Kg7 {
...0-1, Veresagin Jurij 2345 - Nikuljshin Konstantin 2395 , Stare Mesto 1992
It (open) } ) ( 11.Bb2 b5 12.cxb5 cxb5 13.d5 ( 13.b4 h6 14.Qb3+ Kh7 15.d5 Nc7
16.Nd4 Bb7 17.Rfd1 a6 18.Rd2 Nd7 19.e4 fxe4 20.Bxe4 Ne5 21.Nce2 Nc4 22.Rxc4
bxc4 23.Qxc4 Rc8 24.Qd3 e5 25.Nb3 Qf7 26.Nc3 h5 27.Na5 Ba8 28.Nc4 Rcd8 29.a4
Bh6 30.Re2 Bb7 { ...0-1, Olarasu Gabriela 2290 - Susterman Anja 2235 , Romania
1994 It (w) } ) 13...Nc7 14.b4 a5 15.a3 axb4 16.axb4 Bb7 17.Qb3 Kh8 18.Rfd1 h6
19.Nd4 Ba8 20.Ra1 Ng4 21.Ra7 Rb7 22.Qa2 f4 23.Rxb7 Bxb7 24.Qa5 fxg3 25.hxg3
Qf7 26.Nf3 Nxd5 27.Qxb5 Ba8 28.Nxd5 Bxb2 29.Nc7 Be4 30.Qb6 Qc4 { ...1/2-1/2,
Gdanski Przemyslaw 2350 - Horvath Csaba 2445 , Leningrad 1989 It } ) ( 11.Qd2
b5 12.cxb5 cxb5 13.Bb2 Bb7 14.Qd3 Nb4 15.Qd1 Qd7 16.a3 Nbd5 17.Nxd5 Bxd5 18.b4
Qb7 19.Ne1 Rfc8 20.Bxd5+ Nxd5 21.Ng2 Bh6 22.e3 Nb6 23.Qd3 Nc4 24.Rc2 Qe4
25.Qb3 Qf3 26.Bc1 Kh8 27.Rc3 Nb6 28.Rxc8+ Rxc8 29.Qf7 Qb7 30.Nf4 Rf8 { ...0-1,
Guseva Marina 2195 - Kharashkina Bairta 2196 , Vladimir 2002 Ch Russia
(juniors) (under 20) (g) } ) 11...Bd7 12.Re1 Nc7 13.d5 Rd8 14.Qb3 Kh8 15.e4
fxe4 16.Nxe4 Nxe4 17.Rxe4 cxd5 { ?! } ( 17...Qf7 { !? } 18.Rce1 e5 19.dxe6
Bxe6 { } ) 18.cxd5 Ba4 19.Qd3 Qb5 { ?! } ( 19...Rc8 { !? } 20.Qd2 Kg8 21.b5
Bxb5 { } ) 20.Qd2 Qxd5 { ?! } ( 20...Nxd5 { !? } 21.Ng5 Bh6 22.Rh4 Bxg5 { } )
21.Rd4 Qh5 { ?! } ( 21...Bxd4 { !? } 22.Nxd4 Qf7 23.Rxc7 Rd7 { } ) 22.g4 { ?!
} ( 22.Rh4 { !? } 22...Rxf3 23.Rxh5 Rxa3 24.Rhc5 { } ) 22...Qb5 23.Rxc7 Qb6 {
?! } ( 23...Rd7 { !? } 24.Rdc4 Qb6 25.Bb2 Rxc7 { } ) 24.Rxe7 { } {#r} 1-0